10 stupid things couples do to mess up their relationships /

Bibliographic Details
Main Author: Schlessinger, Laura
Format: Book
Language:English
Published: New York : Cliff Street Books, 2001.
Edition:1st ed.
Subjects:

MARC

Tag First Indicator Second Indicator Subfields
LEADER 00000cam a22000008a 4500
001 in00001639664
005 20151023084238.0
008 010404s2001 nyu 000 0 eng
010 |a  2001028761 
020 |a 0060280662 
035 |a (OCoLC)ocm46713177 
040 |a DLC  |c DLC  |d RLS  |d UOK  |d TXA  |d UtOrBLW 
042 |a pcc 
049 |a TXAM 
050 0 0 |a HQ801  |b .S4367 2001 
082 0 0 |a 306.7  |2 21 
100 1 |a Schlessinger, Laura. 
245 1 0 |a 10 stupid things couples do to mess up their relationships /  |c Laura Schlessinger. 
246 3 |a Ten stupid things couples do to mess up their relationships 
250 |a 1st ed. 
263 |a 0110 
264 1 |a New York :  |b Cliff Street Books,  |c 2001. 
300 |a x, 273 pages ;  |c 22 cm. 
336 |a text  |b txt  |2 rdacontent 
337 |a unmediated  |b n  |2 rdamedia 
338 |a volume  |b nc  |2 rdacarrier 
650 0 |a Man-woman relationships. 
650 0 |a Marriage. 
994 |a E0  |b TXA 
948 |a cataloged  |b h  |c 2002/1/17  |d c  |e ceaton  |f 9:22:03 am 
999 |a MARS 
999 f f |s 6860984f-a43e-377f-a137-13f4c5967100  |i 5b709004-e225-367a-a7b8-3c1420a328ba  |t 0 
952 f f |p ric  |a Texas A&M University  |b Rellis Campus  |c Joint Library Facility  |d Remote Storage  |t 0  |e HQ801 .S4367 2001  |h Library of Congress classification  |i unmediated -- volume  |m A14828490624 
998 f f |a HQ801 .S4367 2001  |t 0  |l Remote Storage